000 00333nam a2200133 a 4500
005 20140414131917.0
008 101019s19uu xx 00 eng d
050 _aER
_bT55 1985
100 _aJohnson, Jane
245 _aToday I thought I'd run away.
260 _aNew York :
_bE.P. Dutton,
_c2008.
440 _a
999 _c111533
_d111533